000 01425namaa22003251i 4500
005 20260207124205.0
008 251225s1997 ua a|||frm||| 000 0 eng d
040 _aEG-GICUC
_beng
_cEG-GICUC
_dEG-GICUC
_erda
041 0 _aeng
_beng
_bara
049 _aDeposit
097 _aM.Sc
099 _aCai01.07.04.M.Sc.1997.Sa.C.
100 0 _aSafaa Hosny Abd EL-Azeem Mohamed,
_epreparation.
245 1 0 _aChemical And Biological Studies On Essential Oils Of Melaleuca /
_cBy Safaa Hosny Abd EL-Azeem Mohamed; Supervisors Prof. Dr. Radwan. S.Farag, Prof.Dr. Abd EL. Menem Youssef, Dr. Mahasen M.A. Sedky.
246 1 5 _aدراسات كيمياوية وبيولوجية على الزيوت الطيارة لنباتات الميلالوكا
264 0 _c1997.
300 _a95 Leaves :
_billustrations ;
_c30 cm. +
336 _2rda content
_atext
337 _2rdamedia
_aUnmediated
338 _2rdacarrier
_avolume
502 _aThesis (M.Sc.) -Cairo University, 1997.
504 _aBibliography: pages 84-95.
653 0 _aBiochemistry
700 0 _aRadwan. S.Farag
_ethesis advisor.
700 0 _aAbd EL. Menem Youssef
_ethesis advisor.
700 0 _aMahasen M.A. Sedky
_ethesis advisor.
900 _DDepartment of Biochemistry
_FFaculty of Agriculture
_UCairo University
_b1997
_cRadwan. S.Farag
_cAbd EL. Menem Youssef
_cMahasen M.A. Sedky
905 _aEman El gebaly
_eNourhan
942 _2ddc
_cTH
_e21
_n0
999 _c177017